Missing Word: Books Beginning with 'P' Quiz Stats

Quiz Updated Dec 25, 2014

Challenge
Share
Tweet
Embed
Score 0/22 Timer 04:00
0 Plays Today
BOOKS ANSWER % Correct
PS, I ____ YouLove
98.3%
Pride and ____Prejudice
97%
Pippi ____Longstocking
95.4%
The Picture of ____ GrayDorian
94.2%
Paradise ____Lost
93.6%
The Postman Always ____ TwiceRings
92.8%
Peter ____Pan
89.7%
The Prince and the ____Pauper
88.8%
A Passage to ____India
87%
The Princess ____Bride
85.5%
The Pickwick ____Papers
75.2%
BOOKS ANSWER % Correct
A Portrait of the ____ as a Young ManArtist
70.7%
The Prime of Miss ____ BrodieJean
70%
The Princess ____Diaries
68.6%
The Pilgrim's ____Progress
64.2%
Portnoy's ____Complaint
58.7%
A Prayer for ____ MeanyOwen
57.2%
The Power and the ____Glory
47.5%
The Poisonwood ____Bible
44.4%
The Pillars of the ____Earth
42.3%
Point ____ PointCounter
23.3%
Pale ____Fire
17.1%

Today's Daily Dose

Word Ladder
'90s Movies

Quick Pick
'Fire' Movies

On This Day
June 19th II

You're not logged in!

Compare scores with friends on all Sporcle quizzes.
Join for Free
OR
Log In

You Might Also Like...

Show Comments

Extras

Top Quizzes Today


Score Distribution

Your Account Isn't Verified!

In order to create a playlist on Sporcle, you need to verify the email address you used during registration. Go to your Sporcle Settings to finish the process.

Report this User

Report this user for behavior that violates our Community Guidelines.

Details: